<?xml version="1.0" encoding="UTF-8"?>
<record
    xmlns:xsi="http://www.w3.org/2001/XMLSchema-instance"
    xsi:schemaLocation="http://www.loc.gov/MARC21/slim http://www.loc.gov/standards/marcxml/schema/MARC21slim.xsd"
    xmlns="http://www.loc.gov/MARC21/slim">

  <leader>00422nam a22001817a 4500</leader>
  <controlfield tag="003">OSt</controlfield>
  <controlfield tag="005">20220127161148.0</controlfield>
  <controlfield tag="008">220127b        |||||||| |||| 00| 0 eng d</controlfield>
  <datafield tag="020" ind1=" " ind2=" ">
    <subfield code="a">0582085594</subfield>
  </datafield>
  <datafield tag="040" ind1=" " ind2=" ">
    <subfield code="c">HU</subfield>
  </datafield>
  <datafield tag="082" ind1=" " ind2=" ">
    <subfield code="a">621.31924</subfield>
  </datafield>
  <datafield tag="100" ind1=" " ind2=" ">
    <subfield code="a">Thompson F.G.</subfield>
    <subfield code="9">28834</subfield>
  </datafield>
  <datafield tag="245" ind1=" " ind2=" ">
    <subfield code="a">Electrical Installation And Workshop Technology</subfield>
  </datafield>
  <datafield tag="250" ind1=" " ind2=" ">
    <subfield code="a">4th ed</subfield>
  </datafield>
  <datafield tag="260" ind1=" " ind2=" ">
    <subfield code="a">UK</subfield>
    <subfield code="b">UK</subfield>
  </datafield>
  <datafield tag="300" ind1=" " ind2=" ">
    <subfield code="f">157</subfield>
  </datafield>
  <datafield tag="942" ind1=" " ind2=" ">
    <subfield code="2">ddc</subfield>
    <subfield code="c">BOOKS</subfield>
    <subfield code="n">0</subfield>
  </datafield>
  <datafield tag="999" ind1=" " ind2=" ">
    <subfield code="c">28263</subfield>
    <subfield code="d">28263</subfield>
  </datafield>
  <datafield tag="952" ind1=" " ind2=" ">
    <subfield code="0">0</subfield>
    <subfield code="1">0</subfield>
    <subfield code="2">ddc</subfield>
    <subfield code="4">0</subfield>
    <subfield code="7">0</subfield>
    <subfield code="a">006</subfield>
    <subfield code="b">006</subfield>
    <subfield code="c">GEN</subfield>
    <subfield code="d">2022-01-27</subfield>
    <subfield code="l">0</subfield>
    <subfield code="o">621.31924/THO/1978</subfield>
    <subfield code="p">IOTL0007992</subfield>
    <subfield code="r">2022-01-27 00:00:00</subfield>
    <subfield code="t">1</subfield>
    <subfield code="w">2022-01-27</subfield>
    <subfield code="y">BOOKS</subfield>
  </datafield>
  <datafield tag="952" ind1=" " ind2=" ">
    <subfield code="0">0</subfield>
    <subfield code="1">0</subfield>
    <subfield code="2">ddc</subfield>
    <subfield code="4">0</subfield>
    <subfield code="7">0</subfield>
    <subfield code="a">006</subfield>
    <subfield code="b">006</subfield>
    <subfield code="c">GEN</subfield>
    <subfield code="d">2022-01-27</subfield>
    <subfield code="l">0</subfield>
    <subfield code="o">621.31924/THO/1978</subfield>
    <subfield code="p">IOTL0007993</subfield>
    <subfield code="r">2022-01-27 00:00:00</subfield>
    <subfield code="t">2</subfield>
    <subfield code="w">2022-01-27</subfield>
    <subfield code="y">BOOKS</subfield>
  </datafield>
  <datafield tag="952" ind1=" " ind2=" ">
    <subfield code="0">0</subfield>
    <subfield code="1">0</subfield>
    <subfield code="2">ddc</subfield>
    <subfield code="4">0</subfield>
    <subfield code="7">0</subfield>
    <subfield code="a">006</subfield>
    <subfield code="b">006</subfield>
    <subfield code="c">GEN</subfield>
    <subfield code="d">2022-01-27</subfield>
    <subfield code="l">0</subfield>
    <subfield code="o">621.31924/THO/1978</subfield>
    <subfield code="p">IOTL0007994</subfield>
    <subfield code="r">2022-01-27 00:00:00</subfield>
    <subfield code="t">3</subfield>
    <subfield code="w">2022-01-27</subfield>
    <subfield code="y">BOOKS</subfield>
  </datafield>
  <datafield tag="952" ind1=" " ind2=" ">
    <subfield code="0">0</subfield>
    <subfield code="1">0</subfield>
    <subfield code="2">ddc</subfield>
    <subfield code="4">0</subfield>
    <subfield code="7">0</subfield>
    <subfield code="a">006</subfield>
    <subfield code="b">006</subfield>
    <subfield code="c">GEN</subfield>
    <subfield code="d">2022-01-27</subfield>
    <subfield code="l">0</subfield>
    <subfield code="o">621.31924/THO/1978</subfield>
    <subfield code="p">IOTL0007995</subfield>
    <subfield code="r">2022-01-27 00:00:00</subfield>
    <subfield code="t">4</subfield>
    <subfield code="w">2022-01-27</subfield>
    <subfield code="y">BOOKS</subfield>
  </datafield>
  <datafield tag="952" ind1=" " ind2=" ">
    <subfield code="0">0</subfield>
    <subfield code="1">0</subfield>
    <subfield code="2">ddc</subfield>
    <subfield code="4">0</subfield>
    <subfield code="7">0</subfield>
    <subfield code="a">006</subfield>
    <subfield code="b">006</subfield>
    <subfield code="c">GEN</subfield>
    <subfield code="d">2022-01-27</subfield>
    <subfield code="l">0</subfield>
    <subfield code="o">621.31924/THO/1978</subfield>
    <subfield code="p">IOTL0007996</subfield>
    <subfield code="r">2022-01-27 00:00:00</subfield>
    <subfield code="t">5</subfield>
    <subfield code="w">2022-01-27</subfield>
    <subfield code="y">BOOKS</subfield>
  </datafield>
  <datafield tag="952" ind1=" " ind2=" ">
    <subfield code="0">0</subfield>
    <subfield code="1">0</subfield>
    <subfield code="2">ddc</subfield>
    <subfield code="4">0</subfield>
    <subfield code="7">0</subfield>
    <subfield code="a">006</subfield>
    <subfield code="b">006</subfield>
    <subfield code="c">GEN</subfield>
    <subfield code="d">2022-03-16</subfield>
    <subfield code="l">0</subfield>
    <subfield code="o">621.31924/THO/1978</subfield>
    <subfield code="p">IOTL0017504</subfield>
    <subfield code="r">2022-03-16 00:00:00</subfield>
    <subfield code="t">6</subfield>
    <subfield code="w">2022-03-16</subfield>
    <subfield code="y">BOOKS</subfield>
  </datafield>
  <datafield tag="952" ind1=" " ind2=" ">
    <subfield code="0">0</subfield>
    <subfield code="1">0</subfield>
    <subfield code="2">ddc</subfield>
    <subfield code="4">0</subfield>
    <subfield code="7">0</subfield>
    <subfield code="a">006</subfield>
    <subfield code="b">006</subfield>
    <subfield code="c">GEN</subfield>
    <subfield code="d">2022-03-16</subfield>
    <subfield code="l">0</subfield>
    <subfield code="o">621.31924/THO/1978</subfield>
    <subfield code="p">IOTL0017505</subfield>
    <subfield code="r">2022-03-16 00:00:00</subfield>
    <subfield code="t">7</subfield>
    <subfield code="w">2022-03-16</subfield>
    <subfield code="y">BOOKS</subfield>
  </datafield>
  <datafield tag="952" ind1=" " ind2=" ">
    <subfield code="0">0</subfield>
    <subfield code="1">0</subfield>
    <subfield code="2">ddc</subfield>
    <subfield code="4">0</subfield>
    <subfield code="7">0</subfield>
    <subfield code="a">006</subfield>
    <subfield code="b">006</subfield>
    <subfield code="c">GEN</subfield>
    <subfield code="d">2022-03-16</subfield>
    <subfield code="l">0</subfield>
    <subfield code="o">621.31924/THO/1978</subfield>
    <subfield code="p">IOTL0017506</subfield>
    <subfield code="r">2022-03-16 00:00:00</subfield>
    <subfield code="t">8</subfield>
    <subfield code="w">2022-03-16</subfield>
    <subfield code="y">BOOKS</subfield>
  </datafield>
</record>
